| 000 | 00451 a2200169 4500 | ||
|---|---|---|---|
| 001 | ART_50493 | ||
| 005 | 20260410161632.0 | ||
| 008 | 260409a | ||
| 245 | 1 | 0 | _aUSALI |
| 100 | 1 | _aRondi, Gustavo R. | |
| 700 | 1 | _aCasal, María del Carmen | |
| 700 | 1 | _aDe Vega, Raúl Ernesto | |
| 700 | 1 | _aGalante, Marcelo J. | |
| 700 | 1 | _aGómez, Melisa | |
| 700 | 1 | _aGiai Levra, Valeria | |
| 773 | 0 |
_tEnfoques _g- N°1 (ene. 2020) _wREV416 |
|
| 999 |
_c12525 _d12525 |
||